| 000 | 02229nam0a2200409 i 4500 | ||
|---|---|---|---|
| 001 | RU\NLR\bibl\1964230 | ||
| 005 | 20260408161453.0 | ||
| 010 |
_a9785953208345 _9500 |
||
| 021 |
_aRU _b2012-78809 _95850 |
||
| 035 | _a(NLR Aleph) 001953200 | ||
| 090 |
_a3723664 _c3723664 |
||
| 100 | _a20121107d2012 u y0rusy50 ca | ||
| 101 | 0 | _arus | |
| 102 | _aRU | ||
| 105 | _aa ||||||||| | ||
| 200 | 1 |
_aИстория ветеринарной медицины: Древний мир - начало XX века _eучебное пособие для студентов высших учебных заведений, обучающихся по направлению подготовки (специальности) 111801 "Ветеринария" _fА.С. Донченко, Т.Н. Осташко, Т.Н. Самоловова, Ф.И. Василевич _g[ред.: И.П. Шарабарина] |
|
| 210 |
_aМосква _cКолосС _d2012 |
||
| 215 |
_a486, [2] с. _cил. _d22 |
||
| 225 | 1 | _aУчебник | |
| 225 | 1 | _aУчебники и учебные пособия для студентов высших учебных заведений | |
| 320 | _aБиблиогр.: с. 485-487 | ||
| 606 | 1 |
_aВетеринария _jУчебные издания для высших учебных заведений _xИстория _yСтраны мира _92124027 _3RU\NLR\auth\661586002 |
|
| 606 |
_aВетеринария _jУчебные издания для высших учебных заведений _xИстория _yРоссия _91405953 _3RU\NLR\auth\66279920 |
||
| 686 | _aП8г(0)я73 | ||
| 686 | _aП8г(2)я73 | ||
| 701 | 1 |
_aДонченко _bА. С. _gАлександр Семенович _4070 |
|
| 701 | 1 |
_aОсташко _bТ. Н. _gТатьяна Николаевна _4070 |
|
| 701 | 1 |
_aСамоловова _bТ. Н. _gТамара Николаевна _4070 |
|
| 701 | 1 |
_4070 _7ca _8rus _aВасилевич _bФ. И. _f1949- _gФедор Иванович _958422 _3RU\NLR\auth\7775494 |
|
| 702 | 1 |
_aШарабарина _bИ. П. _4340 |
|
| 801 | 0 |
_aRU _bNLR _c20121107 _gRCR |
|
| 801 | 1 |
_aRU _bNLR _c20121107 |
|
| 830 | _aавт. по кн. | ||
| 942 | _cBOOK | ||
| 980 | _aNBR | ||